[Event "RUS-chT2"]
[Site "Sochi"]
[Date "2015.05.07"]
[Round "7.8"]
[White "Konaplev, Anton"]
[Black "Zakharov, Aleksej"]
[Result "1/2-1/2"]
[WhiteElo "2252"]
[BlackElo "2295"]
[PlyCount "74"]
[EventDate "2015.05.01"]
[EventType "team-swiss"]
[EventRounds "7"]
[EventCountry "RUS"]
[SourceTitle "CBM 166 Extra"]
[Source "ChessBase"]
[SourceDate "2015.06.18"]
[SourceVersion "1"]
[SourceVersionDate "2015.06.18"]
[SourceQuality "1"]
[WhiteTeam "Belgorod Rakita"]
[BlackTeam "Kstovo Volga"]
[WhiteTeamCountry "RUS"]
[BlackTeamCountry "RUS"]

1. c4 c6 2. e4 d5 3. exd5 cxd5 4. d4 Nf6 5. Nc3 Nc6 6. Nf3 Bg4 7. cxd5 Nxd5 8. Qb3 Bxf3 9. gxf3 e6 10. Qxb7 Nxd4 11. Bb5+ Nxb5 12. Qc6+ Ke7 13. Qxb5 Qd7 14. Bg5+ f6 15. Nxd5+ Qxd5 16. Qxd5 exd5 17. Be3 Ke6 18. 0-0-0 Bb4 19. Rhg1 Rhc8+ 20. Kb1 g6 21. a3 Bc5 22. Rge1 Bxe3 23. Rxe3+ Kd6 24. Rde1 Rc4 25. Re6+ Kc5 26. b4+ Kb5 27. Rxf6 a5 28. Rd1 d4 29. Rf7 axb4 30. axb4 Ra4 31. Rxh7 Raxb4+ 32. Ka1 Ra4+ 33. Kb1 Rab4+ 34. Ka1 Ra4+ 35. Kb1 Rab4+ 36. Ka1 Ra4+ 37. Kb1 Rab4+ 1/2-1/2

[Event "Nizhnij Novgorod Region-ch"]
[Site "Nizhnij Novgorod"]
[Date "2013.10.19"]
[Round "1"]
[White "Zakharov, Aleksej"]
[Black "Belitzky, Dmitri G"]
[Result "1-0"]
[WhiteElo "2335"]
[BlackElo "2034"]
[PlyCount "129"]
[EventDate "2013.10.19"]
[EventType "swiss"]
[EventRounds "9"]
[EventCountry "RUS"]
[SourceTitle "EXT 2014"]
[Source "ChessBase"]
[SourceDate "2013.11.20"]
[SourceVersion "1"]
[SourceVersionDate "2013.11.20"]
[SourceQuality "1"]

1. e4 c5 2. Nf3 e6 3. d3 d6 4. g3 Nf6 5. Bg2 Be7 6. 0-0 0-0 7. Re1 Nc6 8. c3 e5 9. a3 a5 10. a4 Re8 11. Na3 Bf8 12. Nc4 Bg4 13. Ne3 Bh5 14. Qb3 Qd7 15. Nd2 Rad8 16. Ndc4 Bg6 17. Qb5 Qc7 18. Rd1 Ra8 19. Ra3 h5 20. h3 Re7 21. Nb6 Rae8 22. Nbd5 Nxd5 23. Nxd5 Qd8 24. Nxe7+ Rxe7 25. Qb3 Kh8 26. Ra1 f6 27. Be3 Bf7 28. Qc2 Rc7 29. Qe2 g6 30. f4 d5 31. fxe5 d4 32. cxd4 cxd4 33. Bd2 fxe5 34. h4 Bb4 35. Rf1 Bxd2 36. Qxd2 Kg7 37. Bh3 Nb4 38. Rac1 Nc6 39. Qc2 Re7 40. Qf2 Rc7 41. g4 Be6 42. Qg3 Qc8 43. Rxc6 Rxc6 44. Qxe5+ Kg8 45. Qxd4 hxg4 46. Bg2 Rc1 47. Qf6 Rxf1+ 48. Bxf1 Bf7 49. Qg5 Qc2 50. h5 Qc6 51. hxg6 Bxg6 52. Qxa5 Kh7 53. Qb5 Qc7 54. e5 b6 55. b4 g3 56. Qd5 Qe7 57. Qd4 Qg5 58. Kg2 Bf5 59. Be2 Qh6 60. Kxg3 Qh3+ 61. Kf2 Qh2+ 62. Ke1 Qh6 63. a5 Qc1+ 64. Kf2 bxa5 65. bxa5 1-0

[Event "Mare di Fano op 2nd"]
[Site "Fano"]
[Date "2013.08.02"]
[Round "7"]
[White "Zakharov, Aleksej"]
[Black "Shytaj, Luca"]
[Result "1/2-1/2"]
[WhiteElo "2331"]
[BlackElo "2456"]
[PlyCount "21"]
[EventDate "2013.07.29"]
[EventType "swiss"]
[EventRounds "9"]
[EventCountry "ITA"]
[SourceTitle "EXT 2015"]
[Source "ChessBase"]
[SourceDate "2014.11.20"]
[SourceVersion "1"]
[SourceVersionDate "2014.11.20"]
[SourceQuality "1"]

1. e4 c5 2. Nf3 d6 3. c3 Nf6 4. h3 Nbd7 5. Bd3 b6 6. 0-0 Bb7 7. Re1 e5 8. Bc2 Be7 9. d4 cxd4 10. cxd4 0-0 11. Nc3 1/2-1/2

[Event "Mare di Fano op 2nd"]
[Site "Fano"]
[Date "2013.07.31"]
[Round "4"]
[White "Zakharov, Aleksej"]
[Black "Angelini, Marco"]
[Result "1-0"]
[WhiteElo "2331"]
[BlackElo "2265"]
[PlyCount "61"]
[EventDate "2013.07.29"]
[EventType "swiss"]
[EventRounds "9"]
[EventCountry "ITA"]
[SourceTitle "EXT 2015"]
[Source "ChessBase"]
[SourceDate "2014.11.20"]
[SourceVersion "1"]
[SourceVersionDate "2014.11.20"]
[SourceQuality "1"]

1. e4 c5 2. Nf3 d6 3. c3 Nf6 4. h3 Nc6 5. Bd3 e6 6. Bc2 Be7 7. 0-0 0-0 8. Re1 b6 9. d4 cxd4 10. cxd4 a5 11. Nc3 Ba6 12. a3 b5 13. d5 b4 14. Ne2 exd5 15. exd5 Ne5 16. Ned4 Bb7 17. Nxe5 dxe5 18. Nc6 Bxc6 19. dxc6 Qc7 20. Ba4 e4 21. Be3 Rad8 22. Qc1 Nd5 23. Bc5 f5 24. axb4 Nxb4 25. Qc4+ Kh8 26. Bxb4 Bxb4 27. Red1 Qe5 28. Rxd8 Rxd8 29. c7 Rc8 30. Rd1 Bd6 31. Qa6 1-0

[Event "Nizhnij Novgorod Region-ch"]
[Site "Nizhnij Novgorod"]
[Date "2013.??.??"]
[Round "6"]
[White "Chizhevskaja, Yana"]
[Black "Zakharov, Aleksej"]
[Result "0-1"]
[WhiteElo "1940"]
[BlackElo "2335"]
[PlyCount "52"]
[EventDate "2013.10.19"]
[EventType "swiss"]
[EventRounds "9"]
[EventCountry "RUS"]
[SourceTitle "EXT 2014"]
[Source "ChessBase"]
[SourceDate "2013.11.20"]
[SourceVersion "1"]
[SourceVersionDate "2013.11.20"]
[SourceQuality "1"]

1. e4 c5 2. Nf3 Nc6 3. d4 cxd4 4. Nxd4 Nf6 5. Nc3 e5 6. Ndb5 d6 7. Bg5 a6 8. Na3 b5 9. Nd5 Be7 10. Bxf6 Bxf6 11. c3 Bg5 12. Nc2 Rb8 13. a4 bxa4 14. Ncb4 Nxb4 15. Nxb4 Bd7 16. Bxa6 Qa5 17. Bd3 Rxb4 18. cxb4 Qxb4+ 19. Kf1 0-0 20. h4 Bd8 21. Rb1 Bb6 22. h5 f5 23. exf5 e4 24. Be2 Rxf5 25. f3 Qc5 26. Qe1 Rxh5 0-1

[Event "Nizhnij Novgorod op"]
[Site "Nizhnij Novgorod"]
[Date "2012.10.08"]
[Round "3"]
[White "Zakharov, Aleksej"]
[Black "Belenov, Dmitry N"]
[Result "1/2-1/2"]
[WhiteElo "2300"]
[BlackElo "2372"]
[PlyCount "34"]
[EventDate "2012.10.06"]
[EventType "swiss"]
[EventRounds "9"]
[EventCountry "RUS"]
[SourceTitle "EXT 2013"]
[Source "ChessBase"]
[SourceDate "2012.11.22"]
[SourceVersion "1"]
[SourceVersionDate "2012.11.22"]
[SourceQuality "1"]

1. e4 e6 2. d4 d5 3. exd5 exd5 4. Bd3 Bd6 5. Ne2 Ne7 6. Bf4 Bf5 7. 0-0 0-0 8. c3 c6 9. Bxd6 Qxd6 10. Ng3 Bxd3 11. Qxd3 Nd7 12. Nd2 Qg6 13. Qxg6 hxg6 14. Rfe1 Rfe8 15. Re3 Nf5 16. Nxf5 gxf5 17. Rae1 Kf8 1/2-1/2

[Event "Nizhnij Novgorod Region-ch op"]
[Site "Nizhnij Novgorod"]
[Date "2008.10.??"]
[Round "7"]
[White "Zakharov, Aleksej"]
[Black "Gavrilov, Nikolay S"]
[Result "1-0"]
[WhiteElo "2306"]
[BlackElo "2051"]
[PlyCount "113"]
[EventDate "2008.10.04"]
[EventType "swiss"]
[EventRounds "9"]
[EventCountry "RUS"]
[SourceTitle "EXT 2022"]
[Source "ChessBase"]
[SourceDate "2021.10.06"]
[SourceVersion "1"]
[SourceVersionDate "2021.10.06"]
[SourceQuality "1"]

1. e4 e5 2. Nf3 Nc6 3. Bb5 a6 4. Ba4 Nf6 5. Qe2 d6 6. c3 b5 7. Bb3 Be7 8. 0-0 Bg4 9. h3 Bh5 10. d3 Na5 11. Bc2 c5 12. Nbd2 h6 13. Re1 Nc6 14. Nf1 g5 15. Ng3 Bg6 16. Nh2 Qd7 17. a4 b4 18. a5 0-0 19. Ng4 Nxg4 20. hxg4 Qc7 21. Bb3 bxc3 22. bxc3 Nxa5 23. Bd5 Rae8 24. Nf5 Kh7 25. Nxe7 Rxe7 26. Qa2 Nc6 27. Qxa6 Nd8 28. Be3 Ne6 29. g3 Rb8 30. Reb1 Kg7 31. Rb5 Qd8 32. Rxb8 Qxb8 33. Qc6 Qc7 34. Ra6 Rd7 35. Qa4 Nf8 36. Kg2 Qd8 37. Ra8 Qe7 38. Bc6 Rd8 39. Ra7 Qf6 40. Qd1 Rb8 41. Bd5 Qd8 42. Qf3 Qf6 43. Ra6 Qxf3+ 44. Kxf3 Rd8 45. d4 cxd4 46. cxd4 Rd7 47. Bc6 Rd8 48. d5 Nd7 49. Ba4 Nf6 50. Bc2 Nxd5 51. Bd2 Nf6 52. Bb4 d5 53. Be7 dxe4+ 54. Ke2 Nxg4 55. Bxd8 Nxf2 56. Bf6+ Kh7 57. Kxf2 1-0

[Event "Nizhnij Novgorod Elo"]
[Site "Nizhnij Novgorod"]
[Date "2007.10.??"]
[Round "?"]
[White "Sokolov, Alexander"]
[Black "Zakharov, Aleksej"]
[Result "1-0"]
[WhiteElo "2372"]
[BlackElo "2265"]
[PlyCount "63"]
[EventDate "2007.10.??"]
[EventType "tourn"]
[EventRounds "9"]
[EventCountry "RUS"]
[SourceTitle "CBM 121 Extra"]
[Source "ChessBase"]
[SourceDate "2008.01.10"]
[SourceVersion "1"]
[SourceVersionDate "2008.01.10"]
[SourceQuality "1"]

1. e4 c5 2. Nf3 Nc6 3. d4 cxd4 4. Nxd4 g6 5. c4 Bg7 6. Be3 Nf6 7. Nc3 0-0 8. Be2 d6 9. 0-0 Bd7 10. Qd2 Nxd4 11. Bxd4 Bc6 12. f3 a5 13. b3 Nd7 14. Be3 Nc5 15. Rab1 Qb6 16. Rfc1 Rfc8 17. Rc2 Qd8 18. a3 h5 19. Bf1 Kh7 20. b4 axb4 21. axb4 Na4 22. Nd1 Qf8 23. Nf2 Bh6 24. f4 Qe8 25. Qd3 Rcb8 26. f5 Qf8 27. Nh3 Bxe3+ 28. Qxe3 Qh6 29. fxg6+ fxg6 30. Ng5+ Kg8 31. c5 Bxe4 32. Qb3+ 1-0

[Event "Nizhnij Novgorod Region-ch"]
[Site "Nizhnij Novgorod"]
[Date "2007.10.??"]
[Round "?"]
[White "Zakharov, Aleksej"]
[Black "Volkov, Sergey"]
[Result "1-0"]
[WhiteElo "2304"]
[BlackElo "2648"]
[PlyCount "93"]
[EventDate "2007.10.??"]
[EventType "swiss"]
[EventRounds "9"]
[EventCountry "RUS"]
[SourceTitle "EXT 2009"]
[Source "ChessBase"]
[SourceDate "2008.11.26"]
[SourceVersion "1"]
[SourceVersionDate "2008.11.26"]
[SourceQuality "1"]

1. e4 e5 2. Nf3 Nf6 3. Nxe5 d6 4. Nf3 Nxe4 5. Nc3 d5 6. Qe2 Be7 7. Nxe4 dxe4 8. Qxe4 0-0 9. Bc4 Re8 10. 0-0 Bf6 11. Qf4 Nc6 12. d3 Be6 13. c3 Bd5 14. Be3 Bxf3 15. Qxf3 Ne5 16. Qxb7 Rb8 17. Qxa7 Rxb2 18. Rab1 Nxc4 19. dxc4 Rxb1 20. Rxb1 Qd3 21. Rc1 Rd8 22. Bd4 Qxc4 23. Bxf6 gxf6 24. h3 Rd3 25. Qb8+ Kg7 26. Qb4 Qxa2 27. Re1 Qd2 28. Re8 Rd6 29. Re3 f5 30. Qf4 Qd5 31. Re5 Qd1+ 32. Kh2 Rf6 33. Rxf5 Rxf5 34. Qxf5 Qd6+ 35. Kg1 c5 36. Qg5+ Kf8 37. Qh4 Qd2 38. Qg3 Qd5 39. Qf4 h5 40. h4 Ke7 41. Qg5+ Qxg5 42. hxg5 Ke6 43. Kf1 Kf5 44. Ke2 Kxg5 45. Kd3 Kf4 46. Kc4 f5 47. Kxc5 1-0

[Event "Nizhnij Novgorod Elo"]
[Site "Nizhnij Novgorod"]
[Date "2007.10.??"]
[Round "?"]
[White "Zakharov, Aleksej"]
[Black "Zujkov, Nikolay"]
[Result "0-1"]
[WhiteElo "2265"]
[BlackElo "2072"]
[PlyCount "68"]
[EventDate "2007.10.??"]
[EventType "tourn"]
[EventRounds "9"]
[EventCountry "RUS"]
[SourceTitle "CBM 121 Extra"]
[Source "ChessBase"]
[SourceDate "2008.01.10"]
[SourceVersion "1"]
[SourceVersionDate "2008.01.10"]
[SourceQuality "1"]

1. Nf3 Nf6 2. c4 c5 3. Nc3 e6 4. e4 d6 5. d4 cxd4 6. Nxd4 a6 7. Bd3 Be7 8. 0-0 0-0 9. b3 b6 10. Bb2 Bb7 11. Qe2 Nbd7 12. Kh1 Qc7 13. f4 Rfe8 14. Rae1 Rad8 15. Bb1 Bf8 16. Nf3 g6 17. e5 Nh5 18. Ng5 Bg7 19. Nce4 dxe5 20. fxe5 Nxe5 21. Nf6+ Nxf6 22. Bxe5 Qe7 23. Qb2 h6 24. Bxf6 Bxf6 25. Rxf6 hxg5 26. Bxg6 Rd2 27. Qxd2 Qxf6 28. Bb1 Rd8 29. Qe3 Qf4 30. Qxf4 gxf4 31. h3 f5 32. Bc2 Rd2 33. Bd1 Bxg2+ 34. Kg1 f3 0-1

[Event "Chigorin Memorial 08th"]
[Site "St Petersburg"]
[Date "2000.11.05"]
[Round "5"]
[White "Musalov, Ruslan"]
[Black "Zakharov, Aleksej"]
[Result "0-1"]
[WhiteElo "2316"]
[BlackElo "2131"]
[PlyCount "150"]
[EventDate "2000.10.31"]
[EventType "swiss"]
[EventRounds "9"]
[EventCountry "RUS"]
[SourceTitle "EXT 2001"]
[Source "ChessBase"]
[SourceDate "2000.11.22"]
[SourceVersion "1"]
[SourceVersionDate "2000.11.22"]
[SourceQuality "1"]

1. e4 c5 2. d4 cxd4 3. c3 d3 4. Bxd3 Nc6 5. Nf3 d6 6. c4 g6 7. Bd2 Bg7 8. Bc3 Nf6 9. h3 0-0 10. 0-0 b6 11. Nbd2 Bb7 12. Re1 Rc8 13. Qa4 a5 14. Rad1 Nd7 15. Bxg7 Nc5 16. Qa3 Kxg7 17. Bb1 Qc7 18. Nf1 e5 19. Qc3 Ne6 20. Ne3 Ncd4 21. Nc2 Nxf3+ 22. Qxf3 Qxc4 23. Rxd6 Qc7 24. Rd2 Rcd8 25. Rxd8 Rxd8 26. Qe3 Qc5 27. Qxc5 Nxc5 28. Na3 Ba6 29. Bc2 Rd2 30. f3 Nd3 31. Rd1 Rxd1+ 32. Bxd1 Nxb2 33. Bb3 f5 34. exf5 gxf5 35. g4 f4 36. h4 h6 37. Kg2 Bd3 38. Bc2 Bxc2 39. Nxc2 b5 40. Kf1 Nd1 41. Ke1 Nc3 42. a3 Kf6 43. Kd2 Nd5 44. Ne1 Ne3 45. Kc3 Ke6 46. Nd3 Ng2 47. h5 Nh4 48. Nc5+ Kf7 49. Nb7 b4+ 50. axb4 axb4+ 51. Kxb4 Nxf3 52. Nd6+ Kg7 53. Ne4 Nh2 54. Nf2 Kf6 55. Ne4+ Ke6 56. Nf2 e4 57. Nxe4 Nxg4 58. Kc3 Kf5 59. Nd2 Ne5 60. Kd4 Nc6+ 61. Kd3 Ne5+ 62. Ke2 Kg4 63. Kf2 Kxh5 64. Ne4 Kg4 65. Nf6+ Kf5 66. Nd5 h5 67. Kg2 Kg5 68. Kf2 h4 69. Kg2 Nc4 70. Kf3 Nd2+ 71. Kg2 f3+ 72. Kf2 Kf5 73. Kg1 Kg4 74. Nf6+ Kf4 75. Nd5+ Kg3 0-1